Nubia and Abyssinia: Comprehending their Civil, History, Arts, Religions, Literature, and Natural History. By The Rev. Michael Russell, LL. D., Author of View of Ancient and Modern Egypt, Palestine, or the Holy Land, &c. Illustrated by a map, and several engravings

সংরক্ষণ করুন:
গ্রন্থ-পঞ্জীর বিবরন
প্রধান লেখক: Russell, Michael (Author)
বিন্যাস: গ্রন্থ
ভাষা:ইংরেজি
প্রকাশিত: Nueva York Harper & Brothers, Cliff st., 82 1842
সংস্করন:1a. ed
বিষয়গুলি:
ট্যাগগুলো: ট্যাগ যুক্ত করুন
কোনো ট্যাগ নেই, প্রথমজন হিসাবে ট্যাগ করুন!

MARC

LEADER 00000nam a2200000 a 4500
001 UCJ8643
003 CL-VaPUC
008 070124e18420000US |||||||||||||||||eng|d
082 0 4 |a 510  |b RUS  |2 21 
100 0 |a Russell, Michael  |e author  |9 517519 
245 1 0 |a Nubia and Abyssinia: Comprehending their Civil, History, Arts, Religions, Literature, and Natural History. By The Rev. Michael Russell, LL. D., Author of View of Ancient and Modern Egypt, Palestine, or the Holy Land, &c. Illustrated by a map, and several engravings 
250 |a 1a. ed 
300 |a 331 p 
942 |c BK 
945 |d 20070124 00:00:00  |a rinostro 
260 |a Nueva York  |b Harper & Brothers, Cliff st., 82  |c 1842 
500 |a Front.: falta mapa 
500 |a Este libro formó parte de la Biblioteca particular de Don Eliodoro Bosque, porteño que como Roberto Hernández, Eduardo B. Budge, Echeverría y Reyes y otros dan testimonio del pasado cultural porteño 
600 0 7 |a BOSQUE A., ELIODORO  |2 CL-VaPUC  |9 517520 
650 7 |a HISTORIA DE EGIPTO  |2 CL-VaPUC  |9 445426 
650 0 |a Ilustraciones  |9 369481 
650 0 |a Arqueología   |9 265619 
650 0 |a Grabados  |9 310822 
650 7 |a EX LIBRIS  |2 CL-VaPUC  |9 505186 
650 7 |a BIBLIOTECAS PORTEÑAS  |2 CL-VaPUC  |9 512519 
583 |a last modification  |c 20070124 00:00:00  |k Rodrigo Vera 
999 |c 324313  |d 324311 
952 |0 0  |1 0  |4 0  |6 510_000000000000000_RUS_1842  |7 0  |8 X  |9 404399  |a FDOBUD  |b FDOBUD  |d 2019-11-22  |i 1081675  |o 510 RUS 1842  |p 1081675  |r 2019-11-22  |w 2019-11-22  |y BK_X  |k BUD